Detalles MARC
| 000 -CABECERA |
| campo de control de longitud fija |
00911nam a2200193 a 4500 |
| 001 - NÚMERO DE CONTROL |
| campo de control |
000037496 |
| 005 - FECHA Y HORA DE LA ÚLTIMA TRANSACCIÓN |
| campo de control |
20200930080409.0 |
| 008 - DATOS DE LONGITUD FIJA--INFORMACIÓN GENERAL |
| campo de control de longitud fija |
120420s1983 sp 000 0 spa d |
| 020 ## - NÚMERO INTERNACIONAL ESTÁNDAR DEL LIBRO |
| Número Internacional Estándar del Libro |
8400054407 |
| 040 ## - FUENTE DE LA CATALOGACIÓN |
| Centro catalogador/agencia de origen |
DO-SdBNP |
| Lengua de catalogación |
spa |
| Centro/agencia transcriptor |
BNPHU |
| 100 1# - ENTRADA PRINCIPAL--NOMBRE DE PERSONA |
| Nombre de persona |
María del Carmen Borrego Plá |
| 9 (RLIN) |
63944 |
| 245 00 - MENCIÓN DE TÍTULO |
| Título |
Cartagena de indias en el siglo xvi / |
| Mención de responsabilidad, etc. |
María del Carmen Borrego Plá ;. |
| 260 ## - PUBLICACIÓN, DISTRIBUCIÓN, ETC. |
| Lugar de publicación, distribución, etc. |
Sevilla : |
| Nombre del editor, distribuidor, etc. |
Escuela de Estudios Hispano-Americanos Científicas, 1983. |
| -- |
Consejo Superior de Investigaciones, |
| Fecha de publicación, distribución, etc. |
1983. |
| 490 1# - MENCIÓN DE SERIE |
| Mención de serie |
Publicaciones de la Escuela de Estudios Hispano-Americanos de la Universidad de Sevilla, |
| Designación de volumen o secuencia |
288 |
| 500 ## - NOTA GENERAL |
| Nota general |
Incluye índice |
| 504 ## - NOTA DE BIBLIOGRAFÍA, ETC. |
| Nota de bibliografía, etc. |
Incluye referencias bibliográficas y notas al pie de las páginas |
| 710 2# - PUNTO DE ACCESO ADICIONAL--NOMBRE DE ENTIDAD CORPORATIVA |
| Nombre de entidad corporativa o nombre de jurisdicción como elemento de entrada |
Escuela de Estudios Hispano-Americanos (Sevilla) |
| 9 (RLIN) |
63945 |
| 830 #0 - PUNTO DE ACCESO ADICIONAL DE SERIE-TÍTULO UNIFORME |
| Título uniforme |
Publicaciones de la Escuela de Estudios Hispano-Americanos de la Universidad de Sevilla, |
| Designación de volumen o secuencia |
288 |
| 9 (RLIN) |
63946 |